| 000 | 00719nam a2200253 i 4500 | ||
|---|---|---|---|
| 001 | 8116 | ||
| 003 | ES-MaACL | ||
| 005 | 20250809063447.0 | ||
| 007 | t| | ||
| 008 | 920220s1990 sp f |||| | spa d | ||
| 020 | _a84-206-2338-5 | ||
| 080 | _a339(02) | ||
| 100 | 1 |
_aTamames, Ramón, _d1933- _9237391 |
|
| 245 | 1 | 0 |
_aEstructura económica internacional / _cRamón Tamames. |
| 250 | _a14ª ed. | ||
| 260 |
_aMadrid : _bAlianza, _c1990. |
||
| 300 |
_a493 p. ; _c20 cm. |
||
| 490 | 1 | _aAlianza universidad. Economía | |
| 500 | _aÍndices. | ||
| 650 | 0 | 4 |
_aEconomía internacional. _912028 |
| 830 | 0 |
_aAlianza universidad. Economía _9178132 |
|
| 852 |
_aES-MaACL _jL-15555 |
||
| 999 |
_c8116 _d8116 |
||